书目信息 |
| 题名: |
分配正义与转型期弱势群体研究
|
|
| 作者: | 庞永红 著 | |
| 分册: | ||
| 出版信息: | 北京 中央编译出版社 2016 |
|
| 页数: | 223页 | |
| 开本: | 24cm | |
| 丛书名: | ||
| 单 册: | ||
| 中图分类: | F124.7 | |
| 科图分类: | ||
| 主题词: | 收入分配--shou ru fen pei--研究--中国 | |
| 电子资源: | ||
| ISBN: | 978-7-5117-3011-4 | |
| 000 | 01241nam0 22002531 450 | |
| 001 | 0102093634 | |
| 005 | 20170402093634.0 | |
| 010 | @a978-7-5117-3011-4@dCNY45.00 | |
| 100 | @a20160927d2016 em y0chiy50 ea | |
| 101 | 0 | @achi |
| 102 | @aCN@b110000 | |
| 105 | @ay z 000yy | |
| 106 | @ar | |
| 200 | 1 | @a分配正义与转型期弱势群体研究@Afen pei zheng yi yu zhuai xing qi ruo shi qun ti yan jiu@dResearch on distributive justice and disadvantaged groups in the transition period@f庞永红著@zeng |
| 210 | @a北京@c中央编译出版社@d2016 | |
| 215 | @a223页@d24cm | |
| 300 | @a国家社会科学基金项目 中央高校基金项目 | |
| 330 | @a本书通过对我国转型期社会性弱势群体的弱势现状、弱势特点及形成原因的分析,结合中外理论及实践经验,提出了适合我国国情分配正义的基本理念和主要原则。从初次分配和再分配两个环节,从经济正义和社会正义两个维度、系统地阐述了分配正义,论证了怎样通过改变我国社会性弱势群体现状,使弱势群体能共享社会发展成果,实现社会分配正义。 | |
| 510 | 1 | @aResearch on distributive justice and disadvantaged groups in the transition period@zeng |
| 606 | 0 | @a收入分配@Ashou ru fen pei@x研究@y中国 |
| 690 | @aF124.7@v5 | |
| 701 | 0 | @a庞永红@Apang yong hong@c(女)@4著 |
| 801 | 0 | @aCN@bTANGWEI@c20170308 |
| 905 | @b0964470-3@dF124.7@e275@f4 | |
| 分配正义与转型期弱势群体研究=Research on distributive justice and disadvantaged groups in the transition period/庞永红著.-北京:中央编译出版社,2016 |
| 223页;24cm |
| 国家社会科学基金项目 中央高校基金项目 |
| ISBN 978-7-5117-3011-4:CNY45.00 |
| 本书通过对我国转型期社会性弱势群体的弱势现状、弱势特点及形成原因的分析,结合中外理论及实践经验,提出了适合我国国情分配正义的基本理念和主要原则。从初次分配和再分配两个环节,从经济正义和社会正义两个维度、系统地阐述了分配正义,论证了怎样通过改变我国社会性弱势群体现状,使弱势群体能共享社会发展成果,实现社会分配正义。 |
| ● |
| 相关链接 |
|
|
|
|
正题名:分配正义与转型期弱势群体研究
索取号:F124.7/275
 
预约/预借
| 序号 | 登录号 | 条形码 | 馆藏地/架位号 | 状态 | 备注 |
| 1 | 0964470 | 209644704 | 第一样本阅览室/ [索取号:F124.7/275] | 在馆 | |
| 2 | 0964471 | 209644713 | 第一借阅区/ [索取号:F124.7/275] | 在馆 | |
| 3 | 0964472 | 209644722 | 第一借阅区/ [索取号:F124.7/275] | 在馆 | |
| 4 | 0964473 | 209644731 | 经管系资料室/ [索取号:F124.7/275] | 在馆 |